Statistics for Bohemian Rhapsody Lyrics

Click here to take the quiz!

General Stats

  • This quiz has been taken 2,233 times
  • The average score is 310 of 361

Answer Stats

Answer% Correct
I
99%
just
99%
a
99%
the
99%
real
98%
life?
98%
No!
98%
this
98%
No
98%
life
98%
no
98%
Is
98%
ME!
97%
me)
97%
to
97%
you
97%
Mama
97%
me
97%
go
97%
meeeeee
97%
boy
96%
and
96%
from
96%
fantasy?
96%
man
96%
killed
95%
I'm
95%
poor
95%
in
94%
see
94%
he's
94%
now
94%
(He's
94%
do
94%
his
93%
reality
93%
Put
93%
gun
93%
head
93%
all
93%
dead
93%
put
93%
escape
93%
come
93%
really
92%
matter
92%
little
92%
not
92%
trigger
92%
pulled
91%
again
91%
my
91%
Easy
91%
begun
91%
easy
91%
eye
90%
it
89%
Caught
88%
has
88%
(any
88%
up
88%
Any
88%
against
88%
Look
88%
your
88%
high
88%
low
88%
blows)
87%
landslide
87%
had
87%
wind
87%
blows
87%
on
87%
away
86%
eyes
86%
need
86%
time
86%
Open
86%
let
85%
skies
85%
So
85%
Will
84%
will
84%
Nothing
84%
family
84%
nothing
84%
doesn't
84%
sympathy
84%
I've
84%
got
83%
matters
83%
Carry
82%
die
82%
because
82%
way
82%
love
81%
But
81%
leave
80%
cry
80%
make
80%
of
79%
Oh
79%
tomorrow
79%
if
79%
Didn't
78%
Ooh-ooh-ooh-ooh
78%
thrown
78%
can
78%
mean
78%
gone
77%
at
77%
back
77%
Galileo
76%
want
76%
don't
76%
nobody
76%
(Galileo)
76%
as
75%
very
75%
never
74%
loves
74%
We
74%
mia
74%
him
74%
born
73%
for
73%
wish
72%
frightening
72%
Gotta
71%
gotta
71%
sometimes
71%
lightning
71%
think
70%
been
70%
fandango
70%
I'd
70%
Too
69%
truth
69%
behind
69%
face
69%
Thunderbolt
69%
baby
67%
Goodbye
67%
Baby
67%
everybody
67%
out
67%
monstrosity)
66%
late
66%
down
66%
spine
66%
get
65%
Figaro
65%
aching
65%
devil
64%
shivers
64%
here
63%
spare
63%
spit
63%
Body's
62%
right
62%
Magnifico-o-o-o
58%
Can't
58%
Anyone
57%
aside
56%
Ooh
55%
ooh
55%
(Scaramouch
54%
scaramouch
54%
silhouetto
51%
outta
51%
Bismillah!
48%
Sends
47%
Beelzebub
42%
yeah
32%
stone
31%

Score Distribution

Percentile by Number Answered

Percent of People with Each Score

Your Score History

You have not taken this quiz